| 000 | 00408nam a22001217a 4500 | ||
|---|---|---|---|
| 005 | 20260430134332.0 | ||
| 008 | 260430b |||||||| |||| 00| 0 eng d | ||
| 100 | _aHarigovind P. C., ed. | ||
| 245 |
_aLaw relating to drugs & cosmetics: _bdimensions and dialectics |
||
| 260 |
_aKochi _bDirectorate of Public Relations and Publications, School of Legal Studies, CUSAT _c2026 |
||
| 300 | _av,302p. | ||
| 942 | _cOO | ||
| 999 |
_c116326 _d116325 |
||